[Event "Landesliga Nord 1920"]
[Site "Bayern"]
[Date "2020.09.20"]
[Round "9.2"]
[White "Duerr, Florian"]
[Black "Ploehn, Heiko"]
[Result "1/2-1/2"]
[WhiteElo "2189"]
[BlackElo "2088"]
[PlyCount "35"]
[EventDate "2019.09.29"]
[EventType "team-tourn"]
[EventRounds "9"]
[EventCountry "GER"]
[SourceTitle "EXT 2022"]
[Source "ChessBase"]
[SourceDate "2021.10.06"]
[SourceVersion "1"]
[SourceVersionDate "2021.10.06"]
[SourceQuality "1"]
[WhiteTeam "Erlangen SC II"]
[BlackTeam "Bamberg SC"]
[WhiteTeamCountry "GER"]
[BlackTeamCountry "GER"]

1. e4 c5 2. Nf3 e6 3. g3 d5 4. exd5 exd5 5. Bg2 Nc6 6. 0-0 Bd6 7. d4 Nge7 8. dxc5 Bxc5 9. Nbd2 0-0 10. Nb3 Bb6 11. c3 Bg4 12. h3 Bh5 13. Bf4 f6 14. Qd2 Qd7 15. Nbd4 a6 16. Rfe1 Bf7 17. h4 Ng6 18. Nxc6 1/2-1/2

[Event "Landesliga Nord 1920"]
[Site "Bayern"]
[Date "2020.01.19"]
[Round "5.3"]
[White "Stoeckl, Stephan"]
[Black "Ploehn, Heiko"]
[Result "0-1"]
[WhiteElo "1984"]
[BlackElo "2088"]
[PlyCount "76"]
[EventDate "2019.09.29"]
[EventType "team-tourn"]
[EventRounds "9"]
[EventCountry "GER"]
[SourceTitle "EXT 2021"]
[Source "ChessBase"]
[SourceDate "2020.10.23"]
[SourceVersion "1"]
[SourceVersionDate "2020.10.23"]
[SourceQuality "1"]
[WhiteTeam "Schwandorf"]
[BlackTeam "Bamberg SC"]
[WhiteTeamCountry "GER"]
[BlackTeamCountry "GER"]

1. Nf3 c5 2. c4 Nf6 3. g3 b6 4. Bg2 Bb7 5. 0-0 e6 6. b3 Be7 7. Bb2 0-0 8. Nc3 a6 9. e3 d6 10. Qe2 Nbd7 11. Rfd1 Qc7 12. d4 cxd4 13. Nxd4 Bxg2 14. Kxg2 Rac8 15. Rac1 Rfe8 16. Kg1 Bf8 17. Ba3 Nc5 18. Qf3 Qb8 19. Bb2 Nfd7 20. e4 Qb7 21. Qe3 Nf6 22. f3 d5 23. e5 Nfd7 24. b4 Nb8 25. cxd5 exd5 26. a3 Ne6 27. Nf5 g6 28. Nh6+ Kh8 29. Nxd5 Rxc1 30. Qxc1 Rd8 31. Nf6 Rxd1+ 32. Qxd1 Bxh6 33. f4 Nc6 34. Qg4 Ne7 35. Qh3 Nf5 36. g4 Nxf4 37. Qf1 Ne3 38. Qf2 Nh3# 0-1

[Event "Landesliga Nord 1920"]
[Site "Bayern"]
[Date "2019.11.24"]
[Round "3.4"]
[White "Ploehn, Heiko"]
[Black "Wichmann, Adrian"]
[Result "0-1"]
[WhiteElo "2088"]
[BlackElo "2063"]
[PlyCount "86"]
[EventDate "2019.09.29"]
[EventType "team-tourn"]
[EventRounds "9"]
[EventCountry "GER"]
[SourceTitle "EXT 2021"]
[Source "ChessBase"]
[SourceDate "2020.10.23"]
[SourceVersion "1"]
[SourceVersionDate "2020.10.23"]
[SourceQuality "1"]
[WhiteTeam "Bamberg SC"]
[BlackTeam "Forchheim"]
[WhiteTeamCountry "GER"]
[BlackTeamCountry "GER"]

1. d4 Nf6 2. c4 g6 3. Nc3 d5 4. cxd5 Nxd5 5. Bd2 Nb6 6. Nf3 Bg7 7. e3 0-0 8. Be2 Be6 9. 0-0 Bc4 10. Rc1 Na6 11. b3 Bxe2 12. Nxe2 Qd5 13. Qc2 Rac8 14. Nf4 Qd6 15. Nd3 Nd5 16. Qc4 Nb6 17. Qb5 c6 18. Qa5 Qc7 19. e4 Nd7 20. Qg5 e6 21. Qh4 Qd8 22. Bg5 f6 23. Be3 Qa5 24. Qh3 Rfe8 25. a4 Rcd8 26. Rfd1 Nf8 27. Qg3 Qc7 28. Qxc7 Nxc7 29. b4 f5 30. e5 Nd5 31. b5 cxb5 32. axb5 Rc8 33. Bd2 Nd7 34. Nb4 N7b6 35. Nxd5 Nxd5 36. Ng5 Ra8 37. Rc5 Bf8 38. Rc4 a6 39. bxa6 Rxa6 40. Rb1 Rb8 41. Rb5 Ra1+ 42. Rc1 Rxc1+ 43. Bxc1 Nc3 0-1

[Event "Landesliga Nord 1920"]
[Site "Bayern"]
[Date "2019.11.10"]
[Round "2.3"]
[White "Ploehn, Heiko"]
[Black "Becker, Alexander1111"]
[Result "1-0"]
[WhiteElo "2088"]
[BlackElo "1941"]
[PlyCount "51"]
[EventDate "2019.09.29"]
[EventType "team-tourn"]
[EventRounds "9"]
[EventCountry "GER"]
[SourceTitle "EXT 2021"]
[Source "ChessBase"]
[SourceDate "2020.10.23"]
[SourceVersion "1"]
[SourceVersionDate "2020.10.23"]
[SourceQuality "1"]
[WhiteTeam "Bamberg SC"]
[BlackTeam "Kronach"]
[WhiteTeamCountry "GER"]
[BlackTeamCountry "GER"]

1. d4 d5 2. c4 e6 3. Nc3 Nf6 4. cxd5 exd5 5. Bg5 Be7 6. e3 c6 7. Bd3 Nbd7 8. Qc2 h6 9. Bf4 Nb6 10. Nf3 Be6 11. h3 Bd6 12. Bxd6 Qxd6 13. Ne5 Nfd7 14. f4 Nxe5 15. fxe5 Qe7 16. 0-0 0-0 17. Ne2 Nc4 18. Rf3 Qb4 19. b3 Na3 20. Qb2 Nc4 21. Qc2 Na3 22. Qd1 a5 23. Nf4 Nb5 24. Rg3 Nxd4 25. Qh5 Bd7 26. Qxh6 1-0

[Event "Landesliga Nord 1819"]
[Site "Bayern"]
[Date "2019.02.03"]
[Round "6.6"]
[White "Ploehn, Heiko"]
[Black "Oechslein, Rainer"]
[Result "1-0"]
[WhiteElo "2135"]
[BlackElo "2124"]
[PlyCount "115"]
[EventDate "2018.10.21"]
[EventType "team-tourn"]
[EventRounds "9"]
[EventCountry "GER"]
[SourceTitle "EXT 2022"]
[Source "ChessBase"]
[SourceDate "2021.10.06"]
[SourceVersion "1"]
[SourceVersionDate "2021.10.06"]
[SourceQuality "1"]
[WhiteTeam "Bamberg SC"]
[BlackTeam "Schweinfurt"]
[WhiteTeamCountry "GER"]
[BlackTeamCountry "GER"]

1. d4 g6 2. c4 Bg7 3. e4 d6 4. Nc3 e5 5. d5 a5 6. Be3 Na6 7. h3 Bd7 8. Bd3 Bh6 9. Bxh6 Nxh6 10. Qd2 Ng8 11. Nf3 Qe7 12. Bc2 Nc5 13. b3 f5 14. exf5 gxf5 15. 0-0-0 0-0-0 16. Rde1 Qf6 17. Qg5 Rf8 18. Qxf6 Nxf6 19. g3 Rhg8 20. Nh4 Ne8 21. Kd2 Kd8 22. Ne2 Nf6 23. Nc3 Ne8 24. Rhg1 Rf7 25. a3 f4 26. g4 Nf6 27. b4 axb4 28. axb4 Na6 29. Nf5 Bxf5 30. Bxf5 Rgf8 31. Rb1 Ne8 32. Ne4 Rg7 33. Kc3 Nf6 34. f3 Nxe4+ 35. Bxe4 h6 36. Ra1 Ke7 37. Ra5 Rc8 38. h4 Nb8 39. Ra7 b6 40. Rga1 Nd7 41. Bf5 Kd8 42. Rb7 Rg8 43. Raa7 Rg7 44. Kd3 Rf7 45. Be6 Rg7 46. Ke4 Re7 47. Kf5 Re8 48. g5 hxg5 49. hxg5 Rf8+ 50. Ke4 Rh8 51. Bxd7 Kxd7 52. Rxb6 Rh1 53. c5 Re1+ 54. Kf5 dxc5 55. bxc5 Rc1 56. Rd6+ Ke7 57. Re6+ Kd7 58. c6+ 1-0

[Event "Landesliga Nord 1718"]
[Site "Bayern"]
[Date "2018.01.21"]
[Round "5.7"]
[White "Braun, Kristin"]
[Black "Ploehn, Heiko"]
[Result "1/2-1/2"]
[WhiteElo "1851"]
[BlackElo "2091"]
[PlyCount "66"]
[EventDate "2017.10.22"]
[EventType "team-tourn"]
[EventRounds "9"]
[EventCountry "GER"]
[SourceTitle "EXT 2022"]
[Source "ChessBase"]
[SourceDate "2021.10.06"]
[SourceVersion "1"]
[SourceVersionDate "2021.10.06"]
[SourceQuality "1"]
[WhiteTeam "Forchheim SC II"]
[BlackTeam "Bamberg SC"]
[WhiteTeamCountry "GER"]
[BlackTeamCountry "GER"]

1. e4 c5 2. Nc3 e6 3. g3 Nc6 4. Bg2 g6 5. d3 Bg7 6. Be3 d6 7. Qd2 Rb8 8. a4 a6 9. Rb1 b5 10. axb5 axb5 11. Nf3 h6 12. d4 b4 13. Ne2 Nf6 14. e5 dxe5 15. Nxe5 Nxe5 16. dxe5 Qxd2+ 17. Kxd2 Nd7 18. f4 Bb7 19. Bxb7 Rxb7 20. Ra1 f6 21. exf6 Bxf6 22. Ra2 Ke7 23. c3 Rd8 24. Rha1 Ne5+ 25. Ke1 Nd3+ 26. Kf1 Rdd7 27. Nc1 bxc3 28. Nxd3 Rxd3 29. Bxc5+ Kf7 30. bxc3 Rxc3 31. Ra7 Rcb3 32. Rxb7+ Rxb7 33. Ra7 Rxa7 1/2-1/2

[Event "Landesliga Nord 1617"]
[Site "Bayern"]
[Date "2017.03.19"]
[Round "7.7"]
[White "Ploehn, Heiko"]
[Black "Ziemann, Ulrich"]
[Result "0-1"]
[WhiteElo "2057"]
[BlackElo "1803"]
[PlyCount "114"]
[EventDate "2016.10.16"]
[EventType "team-tourn"]
[EventRounds "9"]
[EventCountry "GER"]
[SourceTitle "EXT 2019"]
[Source "ChessBase"]
[SourceDate "2018.10.10"]
[SourceVersion "1"]
[SourceVersionDate "2018.10.10"]
[SourceQuality "1"]
[WhiteTeam "Bamberg SC"]
[BlackTeam "Bad Koetzting"]
[WhiteTeamCountry "GER"]
[BlackTeamCountry "GER"]

1. d4 d5 2. c4 c6 3. Nc3 Nf6 4. Nf3 e6 5. cxd5 cxd5 6. Bf4 Nc6 7. e3 a6 8. Qa4 Bd7 9. Qb3 Na5 10. Qc2 Rc8 11. Bd3 Be7 12. 0-0 Nc6 13. a3 0-0 14. Rac1 h6 15. h3 b5 16. Qe2 Nh5 17. Bh2 f5 18. Ne5 Nxe5 19. Bxe5 Qe8 20. Nb1 Qf7 21. Nd2 Nf6 22. Nb3 Ne4 23. f3 Ng5 24. Nc5 Bxc5 25. dxc5 Qg6 26. Kh1 Nf7 27. Bh2 Bc6 28. a4 bxa4 29. Bxa6 Ra8 30. Bb5 Rfc8 31. Rfd1 Ra5 32. Ba6 Ra8 33. Bd3 Rc8 34. Qd2 Ra7 35. Qc3 Ng5 36. Qd4 Qe8 37. Be5 Nf7 38. Rd2 Nxe5 39. Qxe5 Qe7 40. Rdc2 Rd8 41. Kg1 Kf7 42. Ra1 Qf6 43. Qxf6+ Kxf6 44. Rd2 Rb8 45. Be2 Rb4 46. Rc1 Rab7 47. Rcc2 e5 48. Kf2 g5 49. g4 f4 50. e4 d4 51. Bc4 Ke7 52. Bd5 Kd7 53. Ke1 Rc7 54. Rd1 Bxd5 55. exd5 Rb3 56. Ra1 Rxf3 57. Rxa4 Rxh3 0-1

[Event "Landesliga Nord 1516"]
[Site "Bayern"]
[Date "2016.01.17"]
[Round "5.7"]
[White "Staeblein, Christoph"]
[Black "Ploehn, Heiko"]
[Result "1/2-1/2"]
[WhiteElo "2111"]
[BlackElo "2057"]
[PlyCount "102"]
[EventDate "2015.10.11"]
[EventType "team-tourn"]
[EventRounds "9"]
[EventCountry "GER"]
[SourceTitle "EXT 2018"]
[Source "ChessBase"]
[SourceDate "2017.10.13"]
[SourceVersion "1"]
[SourceVersionDate "2017.10.13"]
[SourceQuality "1"]
[WhiteTeam "Forchheim II"]
[BlackTeam "Bamberg SC"]
[WhiteTeamCountry "GER"]
[BlackTeamCountry "GER"]

1. d4 Nf6 2. c4 c5 3. d5 e5 4. Nc3 d6 5. e4 Be7 6. f3 h5 7. g3 Nbd7 8. Be3 Nf8 9. Bh3 Ng6 10. Bxc8 Qxc8 11. h4 a6 12. a4 b6 13. Nh3 Bd8 14. Nf2 Rb8 15. Qe2 Qd7 16. Kd2 Bc7 17. Rhb1 Qe7 18. Bg5 Qd7 19. f4 exf4 20. Bxf6 gxf6 21. gxf4 Nxf4 22. Qf3 Ng6 23. Nd3 Bd8 24. Rh1 Ne5 25. Nxe5 fxe5 26. Raf1 Rb7 27. Qf5 Qxf5 28. Rxf5 Rh6 29. Nd1 b5 30. axb5 axb5 31. Ne3 bxc4 32. Nxc4 Rb4 33. Kc3 Rg6 34. Rh3 Be7 35. Rxh5 Rg1 36. b3 Rg4 37. Rf5 Bxh4 38. Nxd6+ Ke7 39. Nc4 Be1+ 40. Nd2 Rg2 41. Rd3 Rd4 42. Rxd4 exd4+ 43. Kc4 Rxd2 44. Kxc5 d3 45. Kc4 Rd1 46. d6+ Kd8 47. Rxf7 d2 48. Kd5 Bh4 49. Ke6 Kc8 50. Rc7+ Kb8 51. Rc2 Re1 1/2-1/2

[Event "Landesliga Nord 1516"]
[Site "Bayern"]
[Date "2015.12.13"]
[Round "4.6"]
[White "Saathoff, Richard"]
[Black "Ploehn, Heiko"]
[Result "0-1"]
[WhiteElo "2053"]
[BlackElo "2057"]
[PlyCount "104"]
[EventDate "2015.10.11"]
[EventType "team-tourn"]
[EventRounds "9"]
[EventCountry "GER"]
[SourceTitle "EXT 2018"]
[Source "ChessBase"]
[SourceDate "2017.10.13"]
[SourceVersion "1"]
[SourceVersionDate "2017.10.13"]
[SourceQuality "1"]
[WhiteTeam "Nuernberg Sued SW"]
[BlackTeam "Bamberg SC"]
[WhiteTeamCountry "GER"]
[BlackTeamCountry "GER"]

1. e4 e5 2. f4 exf4 3. Nf3 g5 4. d4 g4 5. Bxf4 gxf3 6. Qxf3 d6 7. Bc4 Qh4+ 8. g3 Qe7 9. Bg5 f6 10. Nc3 c6 11. Qh5+ Kd8 12. Bh4 Be6 13. Bxe6 Qxe6 14. 0-0 Nd7 15. Qa5+ Kc8 16. d5 Qe5 17. Rad1 Ne7 18. Qa3 c5 19. b4 Bh6 20. Rf3 Bg5 21. Bxg5 Qxg5 22. bxc5 Nxc5 23. Na4 Nxe4 24. Nb6+ Kb8 25. Nxa8 Kxa8 26. Qa5 Qg4 27. Rdf1 Qd7 28. Qb4 f5 29. Ra3 Rc8 30. Qd4 a6 31. Qg7 Qc7 32. Qd4 Qxc2 33. Qb6 Qc5+ 34. Qxc5 Rxc5 35. g4 Rxd5 36. gxf5 Nxf5 37. Rh3 h6 38. Rhf3 Nd4 39. Rf8+ Ka7 40. R1f7 Rg5+ 41. Kf1 d5 42. Rh8 Kb6 43. Rxh6+ Nc6 44. h4 Re5 45. Rhh7 Na5 46. Kg2 d4 47. Rd7 Kc5 48. Kf3 Nd6 49. Rh6 Nac4 50. Rg6 d3 51. Rg5 Rxg5 52. hxg5 Ne5+ 0-1

[Event "Landesliga Nord 1516"]
[Site "Bayern"]
[Date "2015.10.11"]
[Round "1.7"]
[White "Mirke, Roy"]
[Black "Ploehn, Heiko"]
[Result "1-0"]
[WhiteElo "1987"]
[BlackElo "2057"]
[PlyCount "47"]
[EventDate "2015.10.11"]
[EventType "team-tourn"]
[EventRounds "9"]
[EventCountry "GER"]
[SourceTitle "EXT 2018"]
[Source "ChessBase"]
[SourceDate "2017.10.13"]
[SourceVersion "1"]
[SourceVersionDate "2017.10.13"]
[SourceQuality "1"]
[WhiteTeam "Bindlach Aktionaer II"]
[BlackTeam "Bamberg SC"]
[WhiteTeamCountry "GER"]
[BlackTeamCountry "GER"]

1. e4 e5 2. Nf3 Nc6 3. d4 exd4 4. Nxd4 Nf6 5. Nxc6 bxc6 6. e5 Qe7 7. Qe2 Nd5 8. c4 Nb6 9. Nd2 Bb7 10. b3 a5 11. a4 Qe6 12. Bb2 Bb4 13. f4 0-0-0 14. 0-0-0 Kb8 15. g4 Rhe8 16. Ne4 f6 17. f5 Qe7 18. exf6 Qxe4 19. Qxe4 Rxe4 20. fxg7 d5 21. f6 Rf4 22. Bd3 d4 23. Bxh7 Rxf6 24. Bxd4 1-0

[Event "Landesliga Nord 1415"]
[Site "Bayern"]
[Date "2015.02.01"]
[Round "6.6"]
[White "Ploehn, Heiko"]
[Black "Saathoff, Richard"]
[Result "0-1"]
[WhiteElo "2057"]
[BlackElo "2053"]
[PlyCount "46"]
[EventDate "2014.10.19"]
[EventType "team-tourn"]
[EventRounds "9"]
[EventCountry "GER"]
[SourceTitle "EXT 2018"]
[Source "ChessBase"]
[SourceDate "2017.10.13"]
[SourceVersion "1"]
[SourceVersionDate "2017.10.13"]
[SourceQuality "1"]
[WhiteTeam "Bamberg SC"]
[BlackTeam "Nuernberg Sued SW"]
[WhiteTeamCountry "GER"]
[BlackTeamCountry "GER"]

1. d4 Nf6 2. c4 g6 3. Nc3 Bg7 4. e4 d6 5. f4 0-0 6. Nf3 Na6 7. Bd3 Bg4 8. 0-0 e5 9. d5 Qe7 10. fxe5 dxe5 11. Be3 Nh5 12. h3 Bd7 13. g4 Nf4 14. Bxf4 exf4 15. Qe2 h5 16. Nh2 Qh4 17. Qf3 hxg4 18. hxg4 Be5 19. Kg2 Kg7 20. Rh1 Rh8 21. Ne2 Rh6 22. Nxf4 Bxf4 23. Qxf4 Qh3+ 0-1

[Event "Landesliga Nord 1415"]
[Site "Bayern"]
[Date "2014.11.09"]
[Round "2.6"]
[White "Ploehn, Heiko"]
[Black "Kwossek, Georg"]
[Result "1-0"]
[WhiteElo "2057"]
[BlackElo "2021"]
[PlyCount "95"]
[EventDate "2014.10.19"]
[EventType "team-tourn"]
[EventRounds "9"]
[EventCountry "GER"]
[SourceTitle "EXT 2018"]
[Source "ChessBase"]
[SourceDate "2017.10.13"]
[SourceVersion "1"]
[SourceVersionDate "2017.10.13"]
[SourceQuality "1"]
[WhiteTeam "Bamberg SC"]
[BlackTeam "Kitzingen"]
[WhiteTeamCountry "GER"]
[BlackTeamCountry "GER"]

1. d4 Nf6 2. c4 g6 3. Nc3 Bg7 4. e4 d6 5. f4 0-0 6. Nf3 Na6 7. Be2 Bg4 8. 0-0 Nd7 9. Be3 c5 10. d5 Nc7 11. Qd2 a6 12. a4 a5 13. Rae1 Na6 14. Bf2 Nb4 15. h3 Bxf3 16. Bxf3 Ra6 17. Nb5 Kh8 18. Re2 g5 19. g3 gxf4 20. gxf4 Rg8 21. Kh2 Qf8 22. Rg1 e6 23. dxe6 fxe6 24. Nc7 Ne5 25. fxe5 Bxe5+ 26. Bg3 Rxg3 27. Rxg3 Qxf3 28. Reg2 Bf4 29. Nxa6 bxa6 30. Qf2 Bxg3+ 31. Qxg3 Qxg3+ 32. Rxg3 Nc6 33. Kg2 Nd4 34. b3 h6 35. Kf2 Kh7 36. Ke3 Nc6 37. Kf2 Ne5 38. Ke2 Nc6 39. Kd1 Ne5 40. Kc2 Nc6 41. Kc3 Ne5 42. Rg1 Nc6 43. Rd1 Nd4 44. Rxd4 cxd4+ 45. Kxd4 Kg7 46. e5 dxe5+ 47. Kxe5 Kf7 48. Kd6 1-0

[Event "Landesliga Nord 1213"]
[Site "Bayern"]
[Date "2012.10.14"]
[Round "1.3"]
[White "Ploehn, Heiko"]
[Black "Reis, Gerhard"]
[Result "1/2-1/2"]
[WhiteElo "2101"]
[BlackElo "2144"]
[PlyCount "60"]
[EventDate "2012.10.14"]
[EventType "team-tourn"]
[EventRounds "9"]
[EventCountry "GER"]
[SourceTitle "EXT 2015"]
[Source "ChessBase"]
[SourceDate "2014.11.20"]
[SourceVersion "1"]
[SourceVersionDate "2014.11.20"]
[SourceQuality "1"]
[WhiteTeam "Bamberg"]
[BlackTeam "Nuernberg Sued SW"]
[WhiteTeamCountry "GER"]
[BlackTeamCountry "GER"]

1. d4 Nf6 2. c4 g6 3. Nc3 d5 4. cxd5 Nxd5 5. e4 Nxc3 6. bxc3 Bg7 7. Bc4 c5 8. Ne2 0-0 9. 0-0 Nc6 10. Be3 Bg4 11. f3 Bd7 12. Rb1 Qc7 13. Bf4 Qc8 14. Rc1 Na5 15. Bd3 Re8 16. Qd2 b5 17. Bh6 Bh8 18. h4 e5 19. d5 c4 20. Bc2 Nb7 21. h5 Nd6 22. Qe1 Qd8 23. Qg3 Bf6 24. f4 exf4 25. Bxf4 Nxe4 26. Qf3 Qe7 27. Rce1 Ng5 28. Qg3 Ne4 29. Qf3 Ng5 30. Qg3 Ne4 1/2-1/2

[Event "Regionalliga NW 1112"]
[Site "Bayern"]
[Date "2012.02.05"]
[Round "6.1"]
[White "Hofstetter, Hans Joachim"]
[Black "Ploehn, Heiko"]
[Result "0-1"]
[WhiteElo "2165"]
[BlackElo "2148"]
[PlyCount "84"]
[EventDate "2011.10.02"]
[EventType "team-tourn"]
[EventRounds "9"]
[EventCountry "GER"]
[SourceTitle "EXT 2013"]
[Source "ChessBase"]
[SourceDate "2012.11.22"]
[SourceVersion "1"]
[SourceVersionDate "2012.11.22"]
[SourceQuality "1"]
[WhiteTeam "Bad Neustadt"]
[BlackTeam "Bamberg"]
[WhiteTeamCountry "GER"]
[BlackTeamCountry "GER"]

1. e4 e5 2. Nf3 d6 3. Bc4 Be7 4. 0-0 Nf6 5. Nc3 c6 6. d4 Nbd7 7. Qe2 b5 8. Bd3 a6 9. a4 Bb7 10. b3 0-0 11. Bb2 Qc7 12. Nd1 Rfe8 13. axb5 axb5 14. Rxa8 Rxa8 15. Ne3 Re8 16. c4 bxc4 17. bxc4 Bf8 18. d5 c5 19. Bc3 Ra8 20. g4 Nb6 21. Nd2 Ra3 22. Nb1 Ra4 23. f4 Ba6 24. fxe5 dxe5 25. Qb2 Nxc4 26. Bxc4 Bxc4 27. Bxe5 Qd7 28. Rxf6 gxf6 29. Bxf6 Bd3 30. Nd2 Bxe4 31. Qe5 Bg6 32. h4 Qd6 33. h5 Qxe5 34. Bxe5 Be4 35. d6 Bc6 36. Kf2 f6 37. Bg3 Kf7 38. Nb3 c4 39. Nd4 Ra2+ 40. Ke1 Bd7 41. Bf4 c3 42. Nb3 Ra4 0-1

[Event "Regionalliga NW 1112"]
[Site "Bayern"]
[Date "2011.12.11"]
[Round "4.1"]
[White "Singer, Reiner"]
[Black "Ploehn, Heiko"]
[Result "1-0"]
[WhiteElo "2113"]
[BlackElo "2148"]
[PlyCount "61"]
[EventDate "2011.10.02"]
[EventType "team-tourn"]
[EventRounds "9"]
[EventCountry "GER"]
[SourceTitle "EXT 2013"]
[Source "ChessBase"]
[SourceDate "2012.11.22"]
[SourceVersion "1"]
[SourceVersionDate "2012.11.22"]
[SourceQuality "1"]
[WhiteTeam "Kirchenlaibach"]
[BlackTeam "Bamberg"]
[WhiteTeamCountry "GER"]
[BlackTeamCountry "GER"]

1. d4 Nf6 2. c4 g6 3. Nc3 Bg7 4. e4 0-0 5. f3 Nc6 6. Be3 e5 7. d5 Nd4 8. Nge2 c5 9. dxc6 dxc6 10. Nxd4 exd4 11. Bxd4 Nxe4 12. Bxg7 Qh4+ 13. g3 Nxg3 14. hxg3 Qxg3+ 15. Kd2 Rd8+ 16. Bd3 Bf5 17. Nd5 Kxg7 18. Bxf5 cxd5 19. Kc2 Qf2+ 20. Qd2 Qxd2+ 21. Kxd2 dxc4+ 22. Ke3 gxf5 23. Rag1+ Kh8 24. Rh5 Rd5 25. Kf4 Rg8 26. Rgh1 Rg7 27. Re1 Rb5 28. Re8+ Rg8 29. Re7 Kg7 30. Re2 Kg6 31. Rg5+ 1-0

[Event "Landesliga Nord 1011"]
[Site "Bayern"]
[Date "2011.04.10"]
[Round "9.2"]
[White "Ploehn, Heiko"]
[Black "Barth, Norbert"]
[Result "1-0"]
[WhiteElo "2148"]
[BlackElo "2221"]
[PlyCount "73"]
[EventDate "2010.10.10"]
[EventType "team-tourn"]
[EventRounds "9"]
[EventCountry "GER"]
[SourceTitle "EXT 2012"]
[Source "ChessBase"]
[SourceDate "2011.11.24"]
[SourceVersion "1"]
[SourceVersionDate "2011.11.24"]
[SourceQuality "1"]
[WhiteTeam "Bamberg"]
[BlackTeam "Schwandorf"]
[WhiteTeamCountry "GER"]
[BlackTeamCountry "GER"]

1. Nf3 g6 2. e4 Bg7 3. d4 d6 4. h3 Nc6 5. d5 Ne5 6. Nxe5 Bxe5 7. Bd3 c6 8. c4 Bd7 9. 0-0 Bg7 10. Nc3 Nf6 11. Be3 0-0 12. a4 e6 13. a5 Qc7 14. Qd2 Rfe8 15. Rfd1 exd5 16. exd5 c5 17. a6 b6 18. Bg5 h5 19. Bf4 Kh7 20. f3 Ng8 21. g4 Bd4+ 22. Kg2 Nf6 23. Bg5 hxg4 24. hxg4 Nxg4 25. fxg4 Bxg4 26. Rh1+ Kg7 27. Nb5 Qd7 28. Nxd4 cxd4 29. Qf4 f5 30. Rae1 Rxe1 31. Rxe1 Re8 32. Qxd4+ Kg8 33. Rxe8+ Qxe8 34. Qe3 Qa4 35. Qe6+ Kg7 36. Qf6+ Kh7 37. Qf7+ 1-0

[Event "Landesliga Nord 1011"]
[Site "Bayern"]
[Date "2010.12.12"]
[Round "4.2"]
[White "Ploehn, Heiko"]
[Black "Sargin, Anatol"]
[Result "0-1"]
[WhiteElo "2148"]
[BlackElo "2104"]
[PlyCount "47"]
[EventDate "2010.10.10"]
[EventType "team-tourn"]
[EventRounds "9"]
[EventCountry "GER"]
[SourceTitle "EXT 2012"]
[Source "ChessBase"]
[SourceDate "2011.11.24"]
[SourceVersion "1"]
[SourceVersionDate "2011.11.24"]
[SourceQuality "1"]
[WhiteTeam "Bamberg"]
[BlackTeam "Nuernberg NT II"]
[WhiteTeamCountry "GER"]
[BlackTeamCountry "GER"]

1. d4 e6 2. c4 d5 3. Nf3 f5 4. g3 Bd6 5. Bg2 Nf6 6. 0-0 0-0 7. Nc3 c6 8. Qc2 Qe8 9. Rb1 Ne4 10. b4 b5 11. cxb5 cxb5 12. Bf4 Bxf4 13. gxf4 Bb7 14. Rfc1 a6 15. Nd1 Nc6 16. Qd3 Qe7 17. a3 Rfc8 18. Rc2 Nd6 19. Nb2 a5 20. Ne5 Nxe5 21. Rxc8+ Rxc8 22. fxe5 Nc4 23. bxa5 Nxb2 24. Rxb2 0-1

[Event "Landesliga Nord 0910"]
[Site "Bayern"]
[Date "2010.03.21"]
[Round "8.2"]
[White "Ploehn, Heiko"]
[Black "Seidens, Udo"]
[Result "1-0"]
[WhiteElo "2172"]
[BlackElo "2172"]
[PlyCount "55"]
[EventDate "2009.10.18"]
[EventType "team-tourn"]
[EventRounds "9"]
[EventCountry "GER"]
[SourceTitle "EXT 2011"]
[Source "ChessBase"]
[SourceDate "2010.11.26"]
[SourceVersion "1"]
[SourceVersionDate "2010.11.26"]
[SourceQuality "1"]
[WhiteTeam "Bamberg"]
[BlackTeam "Schweinfurt"]
[WhiteTeamCountry "GER"]
[BlackTeamCountry "GER"]

1. d4 Nf6 2. c4 e6 3. Nc3 Bb4 4. f3 d5 5. a3 Bxc3+ 6. bxc3 0-0 7. cxd5 exd5 8. e3 c5 9. Bd3 Nh5 10. Ne2 c4 11. Bb1 f5 12. 0-0 Nc6 13. Qe1 Na5 14. Ba2 Bd7 15. Rb1 Ba4 16. Rb4 Bc2 17. Rf2 Bd3 18. Bd2 Qd6 19. Nc1 Bc2 20. Qe2 Nc6 21. Rxb7 Rab8 22. Rxb8 Rxb8 23. e4 Na5 24. exf5 Bxf5 25. Qe5 Qxe5 26. dxe5 Bb1 27. g4 Rb2 28. Be3 1-0

[Event "Landesliga Nord 0910"]
[Site "Bayern"]
[Date "2010.02.28"]
[Round "7.2"]
[White "Kannenberg, Karl Heinz"]
[Black "Ploehn, Heiko"]
[Result "1/2-1/2"]
[WhiteElo "2138"]
[BlackElo "2172"]
[PlyCount "70"]
[EventDate "2009.10.18"]
[EventType "team-tourn"]
[EventRounds "9"]
[EventCountry "GER"]
[SourceTitle "EXT 2011"]
[Source "ChessBase"]
[SourceDate "2010.11.26"]
[SourceVersion "1"]
[SourceVersionDate "2010.11.26"]
[SourceQuality "1"]
[WhiteTeam "Kitzingen"]
[BlackTeam "Bamberg"]
[WhiteTeamCountry "GER"]
[BlackTeamCountry "GER"]

1. d4 f5 2. Nf3 Nf6 3. g3 e6 4. Bg2 d5 5. 0-0 Bd6 6. c4 c6 7. b3 Qe7 8. Bf4 Bxf4 9. gxf4 0-0 10. Ne5 Nbd7 11. Nd2 Nxe5 12. fxe5 Ne4 13. f4 Bd7 14. e3 Be8 15. Nxe4 fxe4 16. Bh3 Bg6 17. cxd5 cxd5 18. Rc1 Rae8 19. Rf2 Qh4 20. Qg4 Qh6 21. Qg3 Re7 22. Rfc2 Bf5 23. Bf1 Qh5 24. Be2 Qf7 25. Qh4 Rd7 26. Kh1 Qe7 27. Qe1 a6 28. b4 g5 29. Qg3 Qxb4 30. Rc7 Rxc7 31. Rxc7 Qd2 32. Qxg5+ Bg6 33. Bh5 Qe1+ 34. Kg2 Qd2+ 35. Kh1 Qe1+ 1/2-1/2

[Event "Regionalliga SO 0809"]
[Site "Bayern"]
[Date "2008.10.26"]
[Round "2.1"]
[White "Ploehn, Heiko"]
[Black "Wahrlich, Andreas"]
[Result "1/2-1/2"]
[WhiteElo "2128"]
[BlackElo "2031"]
[PlyCount "38"]
[EventDate "2008.10.05"]
[EventType "team-tourn"]
[EventRounds "9"]
[EventCountry "GER"]
[SourceTitle "EXT 2020"]
[Source "ChessBase"]
[SourceDate "2019.10.17"]
[SourceVersion "1"]
[SourceVersionDate "2019.10.17"]
[SourceQuality "1"]
[WhiteTeam "Landshut"]
[BlackTeam "Waldkraiburg"]
[WhiteTeamCountry "GER"]
[BlackTeamCountry "GER"]

1. d4 Nf6 2. c4 e6 3. Nc3 Bb4 4. e3 b6 5. Qb3 Qe7 6. a3 Bxc3+ 7. Qxc3 Bb7 8. f3 d5 9. b3 0-0 10. Bd3 Nbd7 11. Nh3 e5 12. 0-0 c5 13. dxc5 Nxc5 14. Bc2 Rfd8 15. Re1 dxc4 16. bxc4 e4 17. f4 Nd3 18. Rd1 Rac8 19. Nf2 Nxc1 1/2-1/2